000 03593cam a2200397Mi 4500
999 _c4201
_d4201
001 990001404
003 OSt
005 20181130152042.0
008 170613t20182017nyuaf b 001 0 eng d
020 _a9781439131343
_q(paperback)
020 _a1439131341
_q(paperback)
020 _a9781439131336
_q(hardcover)
020 _a1439131333
_q(hardcover)
020 _a9781439143155
_q(ebook)
020 _a1439143153
_q(ebook)
040 _cDLC
_dDLC
043 _an-us---
082 _a227.3
_bF553E
100 1 _aFitzGerald, Frances,
_d1940-
_eauthor
245 1 4 _aThe Evangelicals :
_bthe struggle to shape America /
_cFrances FitzGerald
250 _aFirst Simon & Schuster trade paperback ed
260 _aNew York :
_bSimon & Schuster Paperbacks,
_c2018, c2017
300 _axi, 740 pages, 16 pages of plates ;
_c23 cm
336 _atext
_2rdacontent
337 _aunmediated
_2rdamedia
338 _avolume
_2rdacarrier
500 _aORIG URSUL BIB: .b5490960URSUL
504 _aIncludes bibliographical references (pages 701-710) and index
505 0 _aThe great awakenings and the Evangelical empire -- Evangelicals North and South -- Liberals and conservatives in the Post-Civil War North -- The fundamentalist-modernist conflict -- The separatists -- Billy Graham and modern evangelicalism -- Pentecostals and Southern Baptists -- Evangelicals in the 1960s -- The fundamentalist uprising in the South -- Jerry Falwell and the Moral Majority -- The political realignment of the South -- The thinkers of the Christian right -- Pat Robertson : politics and miracles -- The Christian Coalition and the Republican Party -- The Christian right and George W. Bush -- The new Evangelicals -- The transformation of the Christian right
520 _aThe evangelical movement began in the revivals of the eighteenth and nineteenth centuries, known in America as the Great Awakenings. A populist rebellion against the established churches, it became the dominant religious force in the country. During the nineteenth century, white evangelicals split apart dramatically, first North versus South, and then at the end of the century, modernist versus fundamentalist. After World War II, Billy Graham, the revivalist preacher, attracted enormous crowds and tried to gather all Protestants under his big tent, but the civil rights movement and the social revolution of the sixties drove them apart again. By the 1980s, Jerry Falwell, Pat Robertson, and other southern televangelists had formed the Christian right. Protesting abortion and gay rights, they led the South into the Republican Party, and for thirty-five years they were the sole voice of evangelicals to be heard nationally. Eventually a younger generation of leaders protested the Christian right's close ties with the Republican Party and proposed a broader agenda of issues, such as climate change, gender equality, and immigration reform. Evangelicals have in many ways defined the nation. They have shaped our culture and our politics. Evangelicals now constitute twenty-five percent of the American population, but they are no longer monolithic in their politics. They range from Tea Party supporters to social reformers. Still, with the decline of religious faith generally, FitzGerald suggests that evangelical churches must embrace ethnic minorities if they are to survive
650 0 _aEvangelicalism
_zUnited States
_xHistory
650 0 _aFundamentalism
_zUnited States
_xHistory
650 0 _aChristianity and politics
_zUnited States
_xHistory
651 0 _aUnited States
_xChurch history
942 _2ddc
_cBK